000 00649nam a22001697a 4500
003 OSt
005 20260407154210.0
008 260407b |||||||| |||| 00| 0 eng d
040 _cMRSPTU
041 _aEnglish
100 _aUrvashi Rawat, Supervisor: Dr. Kawaljit Singh Sandhu
245 _a Functional Properties, Bioactive Compounds and Antioxidant Properties in Fortified Biscuits Prepared using Different Concentrations of Kiwi Peel
260 _bDepartment of Food Science & Technology, MRSPTU, Bathinda
_c2022
650 _aFood Science & Technology
856 _uhttp://163.47.215.52:8080/jspui/handle/123456789/512
942 _2ddc
_cTH
_n0
999 _c11358
_d11358